Luke Wilson Filmography - Statistics

General Stats
  • This quiz has been taken 43 times
    5 since last reset
  • The average score is 68 of 105
Answer Stats
Type Year Name % Correct
Short Film 1994 Bottle Rocket
100%
Film 1996 Bottle Rocket
100%
Film 2006 Idiocracy
100%
Film 2001 Legally Blonde
100%
Film 2003 Legally Blonde 2: Red, White & Blonde
100%
Film 2003 Old School
100%
TV Show 2004, 2021 Saturday Night Live
100%
Film 2021 12 Mighty Orphans
67%
Film 2007 3:10 to Yuma
67%
Film 2003 Alex & Emma
67%
Film 2020 All the Bright Places
67%
Film 2016 All We Had
67%
Film 2004 Anchorman: The Legend of Ron Burgundy
67%
Film 2016 Approaching the Unknown
67%
Film 2018 Arizona
67%
Film 2004 Around the World in 80 Days
67%
Film 2000 Bad Seed
67%
Film 2007 Battle for Terra
67%
Film 2019 Berlin, I Love You
67%
Film 1997 Best Men
67%
Film 2007 Blades of Glory
67%
Film 2007 Blonde Ambition
67%
Film 1999 Blue Streak
67%
Film 2020 Bobbleheads: The Movie
67%
Film 1998 Bongwater
67%
Film 2017 Brad's Status
67%
Film 2000 Charlie's Angels
67%
Film 2003 Charlie's Angels: Full Throttle
67%
Film 2000 Committed
67%
Film 2015 Concussion
67%
Film 2016 Dear Eleanor
67%
Film 2010 Death at a Funeral
67%
Film 1998 Dog Park
67%
TV Show 2013 Drunk History
67%
Documentary Series 2020 Emergency Call
67%
TV Show 2011-2013 Enlightened
67%
TV Show 2004 Entourage
67%
Film 2023 Fingernails
67%
Web Series 2023 Fired on Mars
67%
Film 2022 Gasoline Alley
67%
Film TBA Getting Rid of Matthew
67%
Film 2019 Guest of Honour
67%
Film 2008 Henry Poole Is Here
67%
Film 2018 High Voltage
67%
Film 1998 Home Fries
67%
Film 2006 Hoot
67%
Film 2024 Horizon: An American Saga - Chapter 1
67%
Film 2024 Horizon: An American Saga - Chapter 2
67%
Film 2006 Jackass Number Two
67%
Film 1999 Kill the Man
67%
Film 2022 Look Both Ways
67%
Film 2015 Meadowland
67%
Film 2018 Measure of a Man
67%
Film 2012 Meeting Evil
67%
Film 2023 Merry Little Batman
67%
Film 2009 Middle Men
67%
Film 2006 Mini's First Time
67%
Film 2023 Miranda's Victim
67%
Documentary 2013 Move Me Brightly
67%
Film 2000 My Dog Skip
67%
Film 2006 My Super Ex-Girlfriend
67%
TV Show TBA New-Gen
67%
Web Series 2024 No Good Deed
67%
Film 2016 Outlaws and Angels
67%
Film 2019 Phil
67%
Film 2015 Playing It Cool
67%
Film 2014 Ride
67%
TV Show 2016 Roadies
67%
Film 2016 Rock Dog
67%
Film 1998 Rushmore
67%
Short Film 2014 Satellite Beach
67%
Film 1997 Scream 2
67%
Film 2001 Soul Survivors
67%
Web Series 2020-2022 Stargirl
67%
Film 2012 Straight A's
67%
Film 2003 Stuck on You
67%
Film 1997 Telling Lies in America
67%
Film 2009 Tenure
67%
TV Show 2002-2005 That '70s Show
67%
Film 2023 The Best Man
67%
Film 2021 The Cleaner
67%
Film 2005 The Family Stone
67%
Film 2017 The Girl Who Invented Kissing
67%
Film 2019 The Goldfinch
67%
Film 2015 The Ridiculous 6
67%
Film 2001 The Royal Tenenbaums
67%
Film 2014 The Skeleton Twins
67%
Film 2020 The Swing of Things
67%
Film 2002 The Third Wheel
67%
Film 2005 The Wendell Baker Story
67%
TV Show 1998 The X-Files
67%
Film 2007 Vacancy
67%
Film 2004 Wake Up, Ron Burgundy: The Lost Movie
67%
Film 2024 You Gotta Believe
67%
Film 2007 You Kill Me
67%
Film 2019 Zombieland: Double Tap
67%
Music Video 2002 Maria (Shut Up and Kiss Me)
33%
TV Show 2019 Room 104
33%
Music Video 1999 Swingin
33%
Podcast 2022 The Ballad of Uncle Drank
33%
Commercial 2019 Colgate
0%
Film 2012 Elvis & Nixon
0%
Music Video 2007 Hollywood Hillbilly
0%
Commercial 2016 Shinola
0%
TV Show 2002 The Andy Dick Show
0%
No matching quizzes found
Score Distribution
Percent of People with Each Score
Percentile by Number Answered
Your Score History
You have not taken this quiz since the last reset